Les marques de bières - Statistiques

Statistiques générales
  • Ce quiz a été pris 577 fois
  • Le résultat moyen est 10 sur 17
Answers on the Grid
Answers color-coded by a green-red scale on the quiz's grid according to % correct below.
Kronenbourg
1664
Pietra
Trois Rivières
Jägermeister
Ricard
Mont Blanc
La Goudale
Gallia
Heineken
Don Julio
Bacardi
Desperados
Ruinart
Budweiser
Fischer
Absolut
Cîroc
Guinness
Leffe
Belvedere
Meteor
Don Papa
Beefeater
Chivas Regal
Pelforth
Chimay
Duvel
Tsingtao
Cointreau
 
Statistiques - réponses
Réponse % Correct
Kronenbourg
96%
1664
95%
Heineken
81%
Leffe
79%
Desperados
77%
La Goudale
76%
Guinness
74%
Pelforth
61%
Pietra
61%
Budweiser
54%
Duvel
52%
Chimay
39%
Gallia
38%
Mont Blanc
38%
Fischer
37%
Tsingtao
36%
Meteor
34%
Aucun quiz correspondant
Distribution des résultats
% des personnes avec chaque résultat
Percentile par nombre de réponses
Votre historique - résultats
Vous n’avez pas pris ce quiz